[Event "Kremnica op"]
[Site "Kremnica"]
[Date "2024.08.16"]
[Round "2"]
[White "Mrmusova, Marketa"]
[Black "Podolinska, Linda"]
[Result "1/2-1/2"]
[WhiteElo "1191"]
[BlackElo "1581"]
[PlyCount "46"]
[EventDate "2024.08.15"]
[EventType "swiss"]
[EventRounds "7"]
[EventCountry "SVK"]
[SourceTitle "CBM 221 Extra"]
[Source "ChessBase"]
[SourceDate "2024.09.30"]
[SourceVersion "1"]
[SourceVersionDate "2024.09.30"]
[SourceQuality "1"]

1. e4 c6 2. Nf3 d5 3. Nc3 dxe4 4. Nxe4 Nf6 5. Nxf6+ exf6 6. Be2 Bd6 7. 0-0 0-0 8. d4 Re8 9. Re1 Bg4 10. h3 Bh5 11. b3 Bc7 12. g4 Bg6 13. Bb2 Qd6 14. Bd3 Nd7 15. Bxg6 hxg6 16. Re2 Qf4 17. Qe1 Kf8 18. Ba3+ Bd6 19. Bxd6+ Qxd6 20. Rd1 Rxe2 21. Qxe2 Re8 22. Qd2 Qd5 23. Kg2 Qd6 1/2-1/2

[Event "SVK-ch U10 Girls"]
[Site "Tatralandia"]
[Date "2024.04.07"]
[Round "4"]
[White "Mrmusova, Marketa"]
[Black "Hadidom, Naomi"]
[Result "0-1"]
[WhiteElo "1436"]
[BlackElo "1000"]
[PlyCount "46"]
[EventDate "2024.04.05"]
[EventType "swiss"]
[EventRounds "9"]
[EventCountry "SVK"]
[SourceTitle "CBM 219 Extra"]
[Source "ChessBase"]
[SourceDate "2024.05.31"]
[SourceVersion "1"]
[SourceVersionDate "2024.05.31"]
[SourceQuality "1"]

1. e4 g6 2. Nf3 Bg7 3. Bc4 e6 4. 0-0 d5 5. exd5 exd5 6. Bb3 Be6 7. d3 Ne7 8. Bd2 Bxb2 9. Nc3 Bxa1 10. Qxa1 Nbc6 11. Bh6 Qd6 12. Qc1 0-0-0 13. Bf4 Qb4 14. Qb2 Qxf4 15. Qa3 Bh3 16. gxh3 Qxf3 17. Re1 Nf5 18. Kf1 Rhe8 19. Kg1 Rh8 20. Kf1 Rde8 21. Rxe8+ Rxe8 22. Qb2 Qxh3+ 23. Kg1 Re1# 0-1

[Event "SVK-ch U08 Girls"]
[Site "Dudince"]
[Date "2023.04.19"]
[Round "5"]
[White "Mrmusova, Marketa"]
[Black "Stricova, Viktoria Lea"]
[Result "0-1"]
[WhiteElo "1033"]
[BlackElo "1106"]
[PlyCount "56"]
[EventDate "2023.04.16"]
[EventType "swiss"]
[EventRounds "9"]
[EventCountry "SVK"]
[SourceTitle "CBM 213 Extra"]
[Source "ChessBase"]
[SourceDate "2023.05.31"]
[SourceVersion "1"]
[SourceVersionDate "2023.05.31"]
[SourceQuality "1"]

1. e4 e5 2. Nf3 Nf6 3. Nxe5 d6 4. Nf3 Nxe4 5. Qe2 Qe7 6. d3 Nf6 7. Bg5 Qxe2+ 8. Bxe2 Be7 9. 0-0 0-0 10. Nc3 c6 11. Ne4 Nbd7 12. Ng3 h6 13. Be3 Ne5 14. Nf5 Nxf3+ 15. Bxf3 Bxf5 16. Rae1 Rfe8 17. Bd4 g6 18. Be3 Kg7 19. Bd4 c5 20. Bc3 Rab8 21. Bd5 Kf8 22. Bc4 d5 23. Bb3 d4 24. Bd2 Kg7 25. Bf4 Rbc8 26. Ba4 Bd7 27. Bxd7 Nxd7 28. Re4 Bg5 0-1

[Event "SVK-ch U08 Girls"]
[Site "Dudince"]
[Date "2023.04.18"]
[Round "4"]
[White "Huttova, Karolina"]
[Black "Mrmusova, Marketa"]
[Result "1/2-1/2"]
[WhiteElo "1000"]
[BlackElo "1033"]
[PlyCount "59"]
[EventDate "2023.04.16"]
[EventType "swiss"]
[EventRounds "9"]
[EventCountry "SVK"]
[SourceTitle "CBM 213 Extra"]
[Source "ChessBase"]
[SourceDate "2023.05.31"]
[SourceVersion "1"]
[SourceVersionDate "2023.05.31"]
[SourceQuality "1"]

1. e4 c5 2. Nf3 e6 3. Be2 d6 4. 0-0 Nf6 5. d3 Be7 6. Bg5 0-0 7. Nc3 a6 8. Re1 b5 9. Bf1 Bb7 10. Qd2 Kh8 11. e5 Bxf3 12. gxf3 Nh5 13. Bxe7 Qxe7 14. exd6 Qxd6 15. Ne4 Qc6 16. Qg5 f5 17. Qxh5 fxe4 18. Rxe4 Nd7 19. Qh3 Rae8 20. Bg2 Nf6 21. Re3 Nd5 22. Ree1 Nf4 23. Qg4 Nxg2 24. Kxg2 Rf6 25. Qe4 Rg6+ 26. Kh1 Qc7 27. f4 Rf6 28. f5 Rh6 29. Qg2 Qf4 30. Rxe6 1/2-1/2